<The> Economic and Social Differentiation of the Agricultural Business Entities

Význam diferenciácie poľnohospodárskych podnikov v zmysle organizačno-právnych foriem. Vybrané ukazovatele ako výsledok hospodárenia, veľkosť obrábanej pôdy, rozsahu výroby, zamestnanosti a dotácie. Rozhodujúcim faktorom ovplyvňujúcim dôchodok a ekonomickú stabilitu poľnohospodárstva je ekonomická e...

Full description

Saved in:
Bibliographic Details
Main Author: Adam, Štefan
Other Authors: Chrastinová, Zuzana, Krížová, Slávka
Format: Book Chapter
Language:English
Subjects:
Tags: Add Tag
No Tags, Be the first to tag this record!

MARC

LEADER 00000naa a2200000 4500
001 0250639
005 20220718123856.5
041 0 |a eng 
044 |a SK 
245 1 0 |a <The> Economic and Social Differentiation of the Agricultural Business Entities  |c Štefan Adam, Zuzana Chrastinová, Slávka Krížová 
520 |a Význam diferenciácie poľnohospodárskych podnikov v zmysle organizačno-právnych foriem. Vybrané ukazovatele ako výsledok hospodárenia, veľkosť obrábanej pôdy, rozsahu výroby, zamestnanosti a dotácie. Rozhodujúcim faktorom ovplyvňujúcim dôchodok a ekonomickú stabilitu poľnohospodárstva je ekonomická efektívnosť, konkurencieschopnosť poľnohospodárskej výroby a politika dotácií. 
610 2 0 |a efektívnosť ekonomická 
610 2 0 |a efektívnosť investícií 
610 2 0 |a podnik poľnohospodársky 
610 2 0 |a diferenciácia sociálna 
610 2 0 |a zamestnanosť 
610 2 0 |a konkurencieschopnosť 
610 2 0 |a výsledok hospodársky 
610 2 0 |a podnikanie 
610 2 0 |a poľnohospodárstvo 
100 1 |a Adam, Štefan 
700 1 |a Chrastinová, Zuzana 
700 1 |a Krížová, Slávka